| 000 | 00562cam a2200193Ia 4500 | ||
|---|---|---|---|
| 020 | _a9622176836 (pbk.) : | ||
| 040 | _cMDK | ||
| 082 | _a959 ODY 2002 A100 Or. | ||
| 100 | 1 | _aRooney, Dawn | |
| 245 | 1 | 0 |
_aAngkor : _ban introduction to the temples / |
| 250 | _a4th ed | ||
| 260 |
_aHong Kong : _bOdyssey ; _aNew York : _bDistribution in the U.S.A. by W.W. Norton, _cc2002 |
||
| 300 |
_a306 p. : _bill. (some col.), maps, plans ; _c21 cm |
||
| 650 | 0 | _aBuddhist temples | |
| 650 | 0 | _aTemples | |
| 650 | 0 | _aAntiquities | |
| 700 | 1 | _aDanford, Peter | |
| 942 | _cEK | ||
| 999 |
_c12331 _d12331 |
||